Anatomía de Gardner
Saved in:
| Hovedforfatter: | |
|---|---|
| Andre forfattere: | |
| Format: | Bog |
| Sprog: | spansk |
| Udgivet: |
Ciudad de México
Interamericana
1986
|
| Udgivelse: | 5a. ed |
| Fag: | |
| Tags: |
Tilføj Tag
Ingen Tags, Vær først til at tagge denne postø!
|
MARC
| LEADER | 00000nam a2200000 a 4500 | ||
|---|---|---|---|
| 001 | UCZ6765 | ||
| 003 | CL-VaPUC | ||
| 005 | 20250225115630.0 | ||
| 008 | 951215e19860000MX |||||||||||||||||spa|d | ||
| 999 | |c 242936 |d 242934 | ||
| 040 | |c Pontificia Universidad Católica de Valparaíso | ||
| 082 | 0 | 4 | |a 611 |b ORA |2 21 |
| 100 | |a O'Rahilly, Ronan |e autor |9 472882 | ||
| 245 | 1 | 0 | |a Anatomía de Gardner |
| 250 | |a 5a. ed | ||
| 260 | |a Ciudad de México |b Interamericana |c 1986 | ||
| 300 | |a 928 p | ||
| 583 | |a last modification |c 19951215 00:00:00 |k Rodrigo Vera | ||
| 650 | 0 | |a Anatomía |9 261202 | |
| 650 | 0 | |a Ciencias de la vida |9 314137 | |
| 650 | 0 | |a Aparatos y sistemas anatómicos |9 335904 | |
| 650 | 7 | |a BIOLOGIA HUMANA |2 CL-VaPUC |9 269547 | |
| 650 | 0 | |a Anatomía humana |9 269546 | |
| 700 | |a Gardner, Ernest |e autor |9 876894 | ||
| 942 | |c BK |2 ddc | ||
| 945 | |d 19951215 00:00:00 |a cmena | ||
| 952 | |0 0 |1 0 |4 0 |6 611_000000000000000_ORA_1986 |7 0 |8 A |9 256269 |a BIBEDU |b BIBEDU |d 2019-11-19 |i 2764245 |o 611 ORA 1986 |p 2764245 |r 2019-11-19 |w 2019-11-19 |y BK |k EDU | ||